UBT Library

The Saturday Night Soldiers (Record no. 56973)

000 -LEADER
fixed length control field 00290nam a22001337a 4500
008 - FIXED-LENGTH DATA ELEMENTS--GENERAL INFORMATION
fixed length control field 210429b ||||| |||| 00| 0 eng d
041 ## - LANGUAGE CODE
Language code of text/sound track or separate title eng
080 ## - UNIVERSAL DECIMAL CLASSIFICATION NUMBER
Universal Decimal Classification number 941
082 ## - DEWEY DECIMAL CLASSIFICATION NUMBER
Classification number 941
100 ## - Rafti
Rafti 16
101 ## - Shkurtesa
Shkurtesa SHH
245 ## - TITLE STATEMENT
Title The Saturday Night Soldiers
Statement of responsibility, etc Sellwood,A.V
942 ## - ADDED ENTRY ELEMENTS (KOHA)
Source of classification or shelving scheme
Item type Books
Holdings
Withdrawn status Lost status Source of classification or shelving scheme Damaged status Not for loan Collection code Permanent location Current location Shelving location Date acquired Total Checkouts Full call number Barcode Date last seen Price effective from Koha item type
          Koleksioni i përgjithshem UBT - Lipjan UBT - Lipjan Koleksioni i përgjithshem 04/29/2021   941 SEL 002-5000319 04/29/2021 04/29/2021 Books
UBT Library © 2015-2024. All rights reserved University Education for Business and Technology